00488pab a2200145 454500008004000000100002000040245004000060260000900100300001300109362001000122520012700132650002900259650002000288773003400308180718b2007 xxu||||| |||| 00| 0 eng d aGidadhubi, R.G. aPutin's economic formula for Russia c2007 ap.19-22. a8 Dec aRussia's economy has been booming under Putin, but is this based on strong foundations for sustained growth. - Reproduced. aEconomic growth - Russia aEconomic growth aEconomic and Political Weekly